01035 2200349 4500001002100000005001700021008004100038020002200079035002400101040001200125041000800137082001600145084001600161090002000177090001800197090001900215100002800234245012600262250001100388260002800399300003600427500002700463650004400490700001900534700002400553700002000577850001200597990002200609990001800631990001800649990001800667INLIS00000000002560320171205072000.0  a978-602-391-241-4 0010-021700000000417 aYOPDYOG0 aind042[23]a507.6 a507.6 Mun D aDEP 507.6 Mun D aK 507.6 Mun D aPK 507.6 Mun D0 aMUNNAL HANI'AHd, 1983-1 aBrankas soal IPA SMP / MTS kelas 7,8 & 9c/ Munnal Han'iah, Riansyah Putra, Suasticha Mahardika ; editor, Farel Kurniawan aCet. 1 aYogyakartabSaufac2016 a226 hlm.b: ilus.c; 27 cm + CD aBibliografi : hlm. 226 aIlmu Pengetahuan AlamvUjian, Soal, dsb aRiansyah Putra0 aSuasticha Mahardika0 aFarel Kurniawan aYOPDYOG aCB-D.11/2016-1388 a29767-PD/B.17 a29768-PD/B.17 a29769-PD/B.17